Encyclopedia Britannica world atlas

সংরক্ষণ করুন:
গ্রন্থ-পঞ্জীর বিবরন
প্রধান লেখক: Hudson, G. Donald (Author)
বিন্যাস: গ্রন্থ
ভাষা:ইংরেজি
প্রকাশিত: Chicago Encyclopedia Britannica 1958
সংস্করন:14a. ed
বিষয়গুলি:
ট্যাগগুলো: ট্যাগ যুক্ত করুন
কোনো ট্যাগ নেই, প্রথমজন হিসাবে ট্যাগ করুন!

MARC

LEADER 00000nam a2200000 a 4500
001 UCT3242
003 CL-VaPUC
008 961018e19580000US |||||||||||||||||eng|d
082 0 4 |a 912  |b HUD  |2 21 
100 0 |a Hudson, G. Donald  |e author  |9 372166 
245 1 0 |a Encyclopedia Britannica world atlas 
250 |a 14a. ed 
300 |a 413 p 
942 |c BK 
945 |d 19961018 00:00:00  |a paguirre 
260 |a Chicago  |b Encyclopedia Britannica  |c 1958 
500 |a World distributions and world political geography, political-physical maps, geographical summaries. Geographical comparisons, glossary of geographical terms. Index to political-physical maps 
650 0 |a Mapas  |9 260844 
650 0 |a Geografía  |9 259346 
650 0 |a Geografía política  |9 268296 
650 0 |a Material visual  |9 327831 
650 7 |a PAISES  |2 CL-VaPUC  |9 357801 
583 |a last modification  |c 19961018 00:00:00  |k Rodrigo Vera 
999 |c 252965  |d 252963 
952 |0 0  |1 0  |4 0  |6 912_000000000000000_HUD_1958  |7 0  |8 F  |9 273219  |a BIBCUR  |b BIBCUR  |d 2019-11-19  |i 1770233  |o 912 HUD 1958  |p 1770233  |r 2025-04-22  |w 2019-11-19  |y BK_F  |k BCB